=LDR 00000nam 2200000 4500 =001 INLIS000000000022272 =005 20230306124228 =035 ##$$a 0010-061300000022272 =008 230306################g##########0#ind## =041 ##$$a Ind =082 ##$$a 581.3 =090 ##$$a 631.58, Sit a =100 ##$$a Situmpul, SM =245 1#$$a Analisis pertumbuhan tanaman /$c SM. Sitompul =260 ##$$a Yogyakarta :$b Gadjah Mada University Press,$c 1995 =300 ##$$a xi, 412 hlm, : $b ilus, ; $c 21 cm =650 #4$$a Metode pengolahan khusus =850 ##$$a NBPNMAT =020 ##$$a 979-420-374-2 =084 ##$$a 581.3 SIT a =990 ##$$a 21601690/BPAP-NTB/2017 =990 ##$$a 118.9215/Pro-97